Has Congress failed? (Record no. 21530)

MARC details
000 -LEADER
fixed length control field 00813cam a22002531 4500
001 - CONTROL NUMBER
control field 6926614
003 - CONTROL NUMBER IDENTIFIER
control field BDDh-ASL
005 - DATE AND TIME OF LATEST TRANSACTION
control field 20231015030013.0
008 - FIXED-LENGTH DATA ELEMENTS--GENERAL INFORMATION
fixed length control field 820113s1943 ii 000 0 eng
010 ## - LIBRARY OF CONGRESS CONTROL NUMBER
LC control number 44001264
035 ## - SYSTEM CONTROL NUMBER
System control number (OCoLC)8061662
040 ## - CATALOGING SOURCE
Original cataloging agency DLC
Transcribing agency OKentU
Modifying agency CLU
-- DLC
-- BDDh-ASL
042 ## - AUTHENTICATION CODE
Authentication code premarc
050 00 - LIBRARY OF CONGRESS CALL NUMBER
Classification number DS480.45
Item number .H35
082 #0 - DEWEY DECIMAL CLASSIFICATION NUMBER
Classification number 954
Item number AFH
245 00 - TITLE STATEMENT
Title Has Congress failed?
Remainder of title A historical survey of the years 1918-1939 /
Statement of responsibility, etc. by a student of public affairs.
260 ## - PUBLICATION, DISTRIBUTION, ETC.
Place of publication, distribution, etc. Bombay:
Name of publisher, distributor, etc. The Times of India press,
Date of publication, distribution, etc. 1943.
300 ## - PHYSICAL DESCRIPTION
Extent cover title, 83, [1] p.
Dimensions 19 cm.
610 20 - SUBJECT ADDED ENTRY--CORPORATE NAME
Corporate name or jurisdiction name as entry element Indian National Congress.
651 #0 - SUBJECT ADDED ENTRY--GEOGRAPHIC NAME
Geographic name India
General subdivision Politics and government
Chronological subdivision 1919-1947.
700 0# - ADDED ENTRY--PERSONAL NAME
Personal name Student of public affairs.
906 ## - LOCAL DATA ELEMENT F, LDF (RLIN)
a 7
b cbc
c oclcrpl
d u
e ncip
f 19
g y-gencatlg
942 ## - ADDED ENTRY ELEMENTS (KOHA)
Source of classification or shelving scheme Dewey Decimal Classification
Koha item type Books
Holdings
Withdrawn status Lost status Source of classification or shelving scheme Damaged status Not for loan Collection code Home library Current library Shelving location Date acquired Source of acquisition Total Checkouts Full call number Barcode Date last seen Copy number Price effective from Koha item type
    Dewey Decimal Classification   Not For Loan Non-fiction Asiatic Society Library Asiatic Society Library General Stacks 02/04/2021 ASB Collection   954 AFH 105254 02/04/2021 C-1 02/04/2021 Books

Powered by Koha